000 00345nam a2200145Ia 4500
008 200103s9999||||xx |||||||||||||| ||und||
020 _a0713134070,
040 _aIMU-MPC
082 _aColumn-49
100 _aGibson, J. R.
245 0 _aElectronic Logic Circuits
260 _bEdward Arnold & Co., London
_c1979
300 _a114
942 _cBK
999 _c9678
_d9678